It looks like you're offline.
Open Library logo
additional options menu

MARC Record from Scriblio

Record ID marc_records_scriblio_net/part15.dat:13838492:916
Source Scriblio
Download Link /show-records/marc_records_scriblio_net/part15.dat:13838492:916?format=raw

LEADER: 00916cam 22002538a 4500
001 2004013087
003 DLC
005 20040805135425.0
008 040602s2004 inu 000 0 eng
010 $a 2004013087
020 $a0936273364 (alk. paper)
040 $aDLC$cDLC$dDLC
042 $apcc
050 00 $aBS2615.52$b.T47 2004
082 00 $a226.7/06$222
245 00 $aThrough the eyes of another :$bintercultural reading of the Bible /$cedited by Hans de Wit ... [et al.].
260 $aElkhart, Ind. :$bInstitute of Mennonite Studies,$c2004.
263 $a0407
300 $ap. cm.
630 00 $aBible.$pN.T.$pJohn IV$xReader-response criticism$vCase studies.
650 0 $aMulticulturalism$xReligious aspects$xChristianity$vCase studies.
600 00 $aSamaritan woman$c(Biblical figure)
700 1 $aWit, Hans de$q(J. Hans de)
856 41 $3Table of contents$uhttp://www.loc.gov/catdir/toc/ecip0418/2004013087.html